The book of Webmin, or, How I learned to stop worrying and love UNIX (Record no. 174918)
[ view plain ]
| 000 -LEADER | |
|---|---|
| fixed length control field | 01569nam a22003494a 4500 |
| 082 04 - DEWEY DECIMAL CLASSIFICATION NUMBER | |
| Classification number | 005.4/37 |
| 100 1# - MAIN ENTRY--AUTHOR NAME | |
| Personal name | Cooper, Joe |
| 245 14 - TITLE STATEMENT | |
| Title | The book of Webmin, or, How I learned to stop worrying and love UNIX |
| 260 ## - PUBLICATION, DISTRIBUTION, ETC. (IMPRINT) | |
| Place of publication | San Francisco : |
| Name of publisher | No Starch Press, |
| Year of publication | c2003. |
| 300 ## - PHYSICAL DESCRIPTION | |
| Number of Pages | xxviii, 281 p. : |
| Other physical details | ill. |
| 500 ## - GENERAL NOTE | |
| General note | "Linux Journal Press" appears on cover and spine as joint publisher. |
| General note | Includes index. |
| 505 0# - FORMATTED CONTENTS NOTE | |
| Formatted contents note | Getting and installing Webmin -- Logging in -- Webmin category -- General system configuration -- Server and daemon configuration -- Apache Webserver -- Bind -- FTP server -- Sendmail -- Squid -- Hardware configuration. |
| 650 #0 - SUBJECT ADDED ENTRY--TOPICAL TERM | |
| Topical Term | User interfaces (Computer systems) |
| 856 40 - ELECTRONIC LOCATION AND ACCESS | |
| Uniform Resource Identifier | http://site.ebrary.com/lib/rucke/Doc?id=10041230 |
No items available.
